Most Home Runs Since 2020 - Statistics

General Stats
  • This quiz has been taken 17 times
  • The average score is 6 of 10
Answer Stats
Home Runs Player % Correct
205 Aaron Judge
100%
185 Shohei Ohtani
94%
170 Kyle Schwarber
76%
135 Matt Olson
65%
160 Pete Alonso
65%
130 Marcell Ozuna
53%
145 Vladimir Guerrero Jr.
47%
140 Salvador Perez
35%
150 Fernando Tatis Jr.
29%
125 Jose Abreu
12%
No matching quizzes found
Score Distribution
Percent of People with Each Score
Percentile by Number Answered
Your Score History
You have not taken this quiz